Ενας ψυχολόγος κοντά σου
Saved in:
| Main Author: | |
|---|---|
| Format: | Book |
| Language: | Greek |
| Published: |
Αθήνα :
Ελληνικά Γράμματα,
1996
|
| Edition: | 3η έκδ. |
| Subjects: | |
| Tags: |
Add Tag
No Tags, Be the first to tag this record!
|
MARC
| LEADER | 00000nam a2200000 i 4500 | ||
|---|---|---|---|
| 001 | 1/67360 | ||
| 008 | 990121s1996 gre d | ||
| 020 | |a 960-344-004-3 | ||
| 035 | |l 10047464 | ||
| 040 | |a GR-MY-UA |b gre |e aacr | ||
| 041 | 0 | |a gre | |
| 082 | 0 | |a 157 | |
| 100 | 1 | |a Πιπερόπουλος, Γιώργος. | |
| 245 | 1 | 0 | |a Ενας ψυχολόγος κοντά σου / |c Γιώργος Πιπερόπουλος |
| 250 | |a 3η έκδ. | ||
| 260 | |a Αθήνα : |b Ελληνικά Γράμματα, |c 1996 | ||
| 300 | |a 373 σ. | ||
| 650 | 0 | 0 | |a Psychology, Pathological. |
| 650 | 0 | 0 | |a Psychoses. |
| 650 | 0 | 0 | |a Neuroses. |
| 650 | 0 | 0 | |a Subconsciousness. |
| 852 | |a INST |b RHODES |e 19990121 |h 157 ΠΙΠ |p 005400005702 |q 005400005702 |t BK |y 0 | ||
| 909 | |a Ρ |b 051800 | ||
| 922 | |a 4ΕΛΗ |b 199711 |c ΠΟΛΕΜΙΚΟΣ |d EMVASIS | ||